|
|
|
|
| LEADER |
01001nam a22002417a 4500 |
| 001 |
AAL9683 |
| 003 |
BD-DhAAL |
| 005 |
20180715093413.0 |
| 008 |
180715s 2014B ||||| |||| 00| 0 en d |
| 999 |
|
|
|c 39760
|d 39760
|
| 020 |
|
|
|a 9789842003974
|
| 040 |
|
|
|a BD-DhAAL
|c BD-DhAAL
|
| 082 |
|
|
|a 398
|
| 100 |
|
|
|a হক, সৈয়দ লুৎফুল
|9 27232
|
| 245 |
|
|
|a মহুয়া মলুয়ার দেশে /
|c সৈয়দ লুৎফুল হক
|
| 260 |
|
|
|a ঢাকা :
|b অ্যাডর্ন পাবলিকেশন্স,
|c ২০১৪
|
| 300 |
|
|
|a ১০৯ পৃ. ;
|c ১৮ সে.মি.
|
| 541 |
|
|
|e 9683
|
| 650 |
|
|
|a Cultures
|y Bengal
|9 27233
|
| 651 |
|
|
|a বাংলার
|x সংস্কৃতি
|9 27234
|
| 852 |
|
|
|a Savar Campus Library
|c General Shelf
|
| 942 |
|
|
|2 ddc
|c BK
|
| 952 |
|
|
|0 0
|1 0
|2 ddc
|4 0
|6 398_000000000000000_HAQ
|7 0
|9 63788
|a SCL
|b SCL
|c GEN
|d 2018-07-15
|e Development Book Agency
|g 158.00
|l 0
|o 398 HAQ
|p 3020009683
|r 2018-07-15
|t 1
|w 2018-07-15
|y BK
|